00674nam a2200169 a 450000100100000000500170001000800410002704000250006808200160009310000680010924500420017726000640021930000200028304900090030395201750031299900170048700003134120240307180747.0110620s1950 dr 000 0 spa d aDO-SdBNPbspacBNPHU axxxxbP298p1 aPatín Maceo, Manuel A., q (Manuel Antonio)d1892-196893699610aPétalos /cManuel A. Patín Maceo. aCiudad Trujillo, República Dominicana :bMontalvo,c1950. a28 p. ;c22 cm. aBNPD 0010718PDaPDbPDcCTd2011-06-20iLF1l0oxxxx P298pp31341-10r2020-06-25w2020-06-25yLFPDzPerteneció a la biblioteca personal de Julio Ortega FrierZNo se presta c30833d30833